000 00878nam a2200277 i 4500
001 000011730
003 DO-SdBNP
005 20250227073849.0
007 ta
008 091027s1983 dr a 000 j spa d
040 _aDO-SdBNP
_bspa
_cBNPHU
_erda
082 4 _aRD863.44
_bA353m
_222
100 1 _aAlcántara Almánzar, José
_d1946-
_eautor
_97018
245 1 4 _aLas máscaras de la seducción /
_cJosé Alcántara Almánzar.
264 _aSanto Domingo :
_bTaller,
_c1983.
300 _a123 páginas :
_bilustraciones ;
_c20 cm.
336 _2rdacontent
_atexto
_btxt
337 _2rdamedia
_asin mediación
_bn
338 _2rdacarrier
_avolumen
_bnc
490 _aBiblioteca Taller
_v158
590 _aInventariado, 2019 / DG
650 0 _aNovela dominicana
_9223
650 0 _aLiteratura dominicana.
_967
910 _aValidado. Control de calidad MFF
942 _2ddc
_cLBS1
999 _c11405
_d11405